000 00446nam a2200157Ia 4500
008 160316s1992 xxu||||| |||| 00| 0 eng d
082 _a370.092000
_bRAD
100 _aRadhakrishnan N
245 _aDaisakui Ikeda : The man and his mission
250 _a
260 _aTrivendram
_bNational Centre for Development Education
_c1992
300 _a154p.
_b20 cm
_cvii
365 _bRs.200/-
650 _a1.Ikeda Daisakul - Biography
700 _a
_a
999 _c5374
_d5374